000 01060nmm a2200253 a 4500
003 AR-BaBNM
005 20251128203112.0
008 206020s2006 ||||||||||||||000 | mul||
020 _a10-84-934995-0-1
040 _cAR-BaBNM
245 1 0 _aComunicación digital
_bcompetencias profesionales y desafíos académicos = Comunicacao digital : competencias profissionais e desafios académicos = Comunicació digital : competències professionals i reptes acadèmics = Digital communication : professional skills and academic challenges
250 _a1ª ed.
260 _a[S.l.]
_bICOD
_c2006
300 1 _a83, 83 p.
_e1 CD-ROM
500 0 _aSolicitar el CD-ROM en Mediateca
650 4 _aCOMUNICACION
653 0 _aCOMUNICACION DIGITAL
710 2 _aRed ICOD
740 0 _aComunicacao digital : competencias profissionais e desafios académicos
740 0 _aComunicació digital : competències professionals i reptes acadèmics
740 0 _aDigital communication : professional skills and academic challenges
942 _cBK
998 _calexandra
999 _c1898
_d1898